World Capitals starting with M - Sudden Death - Statistics

General Stats
  • This quiz has been taken 94 times
  • The average score is 14 of 18
Answers on the Grid
Answers color-coded by a green-red scale on the quiz's grid according to % correct below.
Majuro
Mumbai
Muscat
Managua
Manama
Melbourne
Madrid
Manaus
Malé
Monaco
Malabo
Minsk
Montreal
Montevideo
Monrovia
Maseru
Maracaibo
Mexico City
Medellín
Maracay
Maputo
Mashhad
Medan
Moldova
Mogadishu
Moscow
Moroni
Manila
 
Answer Stats
Answer % Correct
Mexico City
91%
Monaco
88%
Madrid
87%
Montevideo
86%
Moscow
86%
Muscat
86%
Minsk
85%
Manila
83%
Malé
78%
Manama
77%
Managua
73%
Monrovia
73%
Mogadishu
72%
Majuro
71%
Maputo
71%
Malabo
62%
Maseru
59%
Moroni
58%
No matching quizzes found
Score Distribution
Percent of People with Each Score
Percentile by Number Answered
Your Score History
You have not taken this quiz